| 000 | 00506 a2200193 4500 | ||
|---|---|---|---|
| 005 | 20260226131854.0 | ||
| 008 | 260225b |||||||| |||| 00| 0 eng d | ||
| 020 |
_a9788197761928 _cRs. 1549.00 |
||
| 040 | _aMAIN | ||
| 082 |
_a340.14 _bP192L |
||
| 100 | _aPande, Smita | ||
| 245 | _aLegal word: Thoughts and essays | ||
| 260 |
_bKabdwal Book International _c2024 _aMumbai |
||
| 300 | _axviii, 522 | ||
| 650 | _aLegal Writing | ||
| 650 | _aLaw-Language | ||
| 650 | _aLegal Composition | ||
| 942 | _cBK | ||
| 999 |
_c396303 _d396303 |
||